| 000 | 00529nac a22001331u 4500 | ||
|---|---|---|---|
| 008 | 080901s1981 ua|||||r||| 000 0 ra d | ||
| 082 |
_a189 _bب د و _222 |
||
| 245 |
_aدراسات ونصوص في الفلسفة والعلوم عند العرب / _cعبد الرحمن بدوي |
||
| 260 |
_aبيروت : _bالمؤسسة العربية للدراسات والنشر ،1981. _c1981. |
||
| 300 |
_a212 ص؛ _c24 سم . |
||
| 511 | _aCatalogued by: Sara | ||
| 541 | _aالف باء؛ | ||
| 942 |
_cBB _k189ب د و _2ddc |
||
| 999 |
_c6693 _d6693 |
||